Statystyki dla Quebonafide - Najpopularniejsze na Spotify

Kliknij tutaj aby rozwiązać quiz!

Ogólne statystyki

  • Ten quiz został rozwiązany 204 razy
  • Średni wynik to 5 z 10

Statystyki odpowiedzi

Lp.UtwórLiczba odtworzeń% Poprawnych
6.Quebonafide - Half Dead feat. ReTo29 121 652
74%
2.TACONAFIDE - Tamagotchi41 037 099
74%
1.Quebonafide - BUBBLETEA feat. Daria Zawiałow50 821 832
73%
4.TACONAFIDE - 8 kobiet - Remix35 384 730
70%
8.Quebonafide - Candy feat. Klaudia Szafrańska21 005 571
65%
9.TACONAFIDE - Kryptowaluty20 868 173
48%
7.Quebonafide - SZUBIENICAPESTYCYDYBROŃ21 031 876
44%
3.Mata - Papuga ft. Quebonafide, Malik Montana40 813 811
39%
5.Quebonafide - TOKYO2020 feat. Taco Hemingway29 212 900
35%
10TACONAFIDE - Visa19 686 780
16%

Rozkład punktacji

Percentyl według liczby udzielonych odpowiedzi

Procent ludzi z każdym wynikiem

Twoja historia wyników

Nie rozwiązałeś tego quizu